| 000 | 00429nam a2200181Ia 4500 | ||
|---|---|---|---|
| 003 | 0STCL | ||
| 008 | 150530s9999 xx 000 0 und d | ||
| 040 |
_aSTCL _cSTCL |
||
| 100 | _aThunchathu Ezhuthachan | ||
| 245 | _aSree Mahabharatham | ||
| 250 | _a3 | ||
| 260 |
_bKerala Sahitya Academi; Thrissur _c2003 _aThrissur |
||
| 300 | _a0 | ||
| 546 | _aMalayalam | ||
| 942 |
_2ddc _cBK |
||
| 999 |
_c45728 _d45728 |
||
| 005 | 20220125170655.0 | ||